000 01191nam a2200277Ia 4500
003 OSt
005 20221005105327.0
006 a|||||r|||| 00| 0
007 ta
008 221004b |||||||| |||| 00| 0 hin d
020 _a8186684662 (hbk)
_c225
024 _a102358
037 _b374, 04/03/2010, Swaraj Prakashan
_cTextual
040 _aCRL
_cCRL
_bhin
041 _2hin
_ahin
082 _aO157,6M38:g, 152P0
100 _aहालदार, मोहितकुमार
245 0 _aभारतीय नवजागरण और पुनरूत्थानवादी चेतना
246 _aBhāratīya navajāgaraṇ aur punarūtthānavādī chetanā
260 _aनई दिल्ली
_bग्रंथ शिल्पी भारत
_c2000
300 _a174पृ0
_ccm.
650 _aबंगाली साहित्य
700 _a चौहान, कर्णसिंह, संपा.
942 _hO157,6M38:g, 152P0
_cTEXL
_2cc
999 _c1015479
_d1015479